00868nam a2200229 i 450000100060000000300090000600500170001500700030003200800410003510000280007624500670010425000120017126000520018330000220023549000790025765000360033671000390037283000680041185200210047999900170050095201210051755845ES-MaACL20250830095444.0t|030929s1975 sp ||||1| spa d1 aDíaz, Elías.94411710aEstado de derecho y sociedad democrática / cElías Díaz. a6ª ed. aMadrid : bCuadernos para el Diálogo, c1975. a204 p. ; c18 cm.1 aDivulgación universitaria. Filosofía y derecho. Temas políticos ;v507aEstado de derecho2embne9125272 aCuadernos para el Diálogo.9333310aDivulgación universitaria. pFilosofía y derechov59219332 aES-MaACLjE-8400 c55845d55845 00104070aATENEOMbATENEOMcDEPO2d2008-01-17eSCl0oE-8400p1058662r2023-02-23 00:00:00w2023-02-23yMONOGRAFIA